[Event "ROM-chT div-A"]
[Site "Mamaia"]
[Date "2019.09.28"]
[Round "8.4"]
[White "Paraschiv, Paul Alexandru"]
[Black "Sasarman, Augustin Ioan"]
[Result "1/2-1/2"]
[WhiteElo "2040"]
[BlackElo "1444"]
[PlyCount "98"]
[EventDate "2019.09.21"]
[EventType "team-tourn"]
[EventRounds "9"]
[EventCountry "ROU"]
[SourceTitle "EXT 2020"]
[Source "ChessBase"]
[SourceDate "2019.10.17"]
[SourceVersion "1"]
[SourceVersionDate "2019.10.17"]
[SourceQuality "1"]
[WhiteTeam "Ghiroda Si Giarmata VII"]
[BlackTeam "Bistrita"]
[WhiteTeamCountry "ROU"]
[BlackTeamCountry "ROU"]

1. c4 Nf6 2. g3 c6 3. Bg2 d5 4. b3 e5 5. Bb2 d4 6. Nf3 Bd6 7. e3 Bg4 8. h3 Bxf3 9. Bxf3 e4 10. Bg2 c5 11. 0-0 Nc6 12. exd4 cxd4 13. Re1 0-0 14. Ba3 Re8 15. Bxd6 Qxd6 16. a3 a5 17. Ra2 Rad8 18. Rb2 h6 19. Rf1 Re7 20. b4 axb4 21. axb4 Nxb4 22. Na3 Nd3 23. Ra2 Nc5 24. Nb5 Qe6 25. Qc1 Qe5 26. Ra3 h5 27. Qa1 g5 28. Ra8 Rxa8 29. Qxa8+ Kg7 30. Qd8 e3 31. fxe3 dxe3 32. d4 Qe6 33. dxc5 e2 34. Re1 Qe3+ 35. Kh2 Rd7 36. Qa5 Rd3 37. Qc7 Qf2 38. Rxe2 Qxe2 39. Nd6 Qe6 40. Qd8 Rb3 41. Qc8 Qxc8 42. Nxc8 Rb2 43. Nd6 Nd7 44. Nxb7 Rxb7 45. Bxb7 Nxc5 46. Bd5 f5 47. Kg2 Kf6 48. h4 Nd3 49. hxg5+ Kxg5 1/2-1/2

[Event "ROM-chT div-A"]
[Site "Mamaia"]
[Date "2019.09.26"]
[Round "6.5"]
[White "Fluerariu, Radu Cristian"]
[Black "Sasarman, Augustin Ioan"]
[Result "0-1"]
[WhiteElo "2091"]
[BlackElo "1444"]
[PlyCount "104"]
[EventDate "2019.09.21"]
[EventType "team-tourn"]
[EventRounds "9"]
[EventCountry "ROU"]
[SourceTitle "EXT 2020"]
[Source "ChessBase"]
[SourceDate "2019.10.17"]
[SourceVersion "1"]
[SourceVersionDate "2019.10.17"]
[SourceQuality "1"]
[WhiteTeam "Ineu"]
[BlackTeam "Bistrita"]
[WhiteTeamCountry "ROU"]
[BlackTeamCountry "ROU"]

1. Nf3 d5 2. g3 Nf6 3. Bg2 e6 4. c4 c6 5. b3 d4 6. Bb2 Qb6 7. Bxd4 c5 8. Bb2 Nc6 9. Nc3 Be7 10. 0-0 0-0 11. d3 Qd8 12. Nd2 Rb8 13. Na4 Nd4 14. e3 Nf5 15. Ne4 b6 16. Be5 Nd6 17. Nxd6 Bxd6 18. Bxd6 Qxd6 19. d4 cxd4 20. Qxd4 Qc7 21. Rfd1 Bb7 22. Qd6 Qc8 23. Nc3 Bxg2 24. Kxg2 Qb7+ 25. f3 h5 26. e4 a6 27. Qe5 Rbd8 28. Qg5 Qc7 29. Rac1 h4 30. gxh4 Nh7 31. Qe3 Qe7 32. Qf2 Qb4 33. Ne2 Nf6 34. Ng3 a5 35. Qe3 a4 36. h5 axb3 37. axb3 Ra8 38. h6 Ra2+ 39. Kh1 Qc5 40. Qxc5 bxc5 41. hxg7 Kxg7 42. Rg1 Kh6 43. Rg2 Rfa8 44. Rb1 Nd7 45. f4 Nf6 46. e5 Ng4 47. Ne4 Ra1 48. Rgg1 R8a2 49. Rge1 Rxh2+ 50. Kg1 Raa2 51. Rec1 Ne3 52. Ng3 Rag2# 0-1